[Event "Andalucia-chB"]
[Site "Algeciras"]
[Date "2018.05.20"]
[Round "5"]
[White "Lopez Luque, Marina Elena"]
[Black "Servio Campos, Antonio"]
[Result "1-0"]
[WhiteElo "1517"]
[BlackElo "1735"]
[PlyCount "59"]
[EventDate "2018.05.18"]
[EventType "swiss"]
[EventRounds "6"]
[EventCountry "ESP"]
[SourceTitle "EXT 2020"]
[Source "ChessBase"]
[SourceDate "2019.10.17"]
[SourceVersion "1"]
[SourceVersionDate "2019.10.17"]
[SourceQuality "1"]

1. e4 d6 2. d4 Nf6 3. Nc3 g6 4. Bc4 Bg7 5. Nf3 c6 6. Bb3 Bg4 7. h3 Bxf3 8. Qxf3 e5 9. d5 c5 10. Ba4+ Nbd7 11. Bg5 0-0 12. Bxd7 h6 13. Bxf6 Bxf6 14. Bb5 a6 15. Be2 b5 16. 0-0 Bg7 17. Qg3 Rc8 18. Nd1 Kh7 19. Ne3 f5 20. exf5 gxf5 21. Bh5 Qf6 22. f4 e4 23. Rad1 Rg8 24. Qf2 Rcf8 25. Kh1 Qxb2 26. g4 Bd4 27. gxf5 Qc3 28. Bg6+ Kh8 29. Qh4 Bg7 30. Ng4 1-0

[Event "Andalucia-chB"]
[Site "Algeciras"]
[Date "2018.05.19"]
[Round "3"]
[White "Moreno Guerrero, Idelfonso"]
[Black "Servio Campos, Antonio"]
[Result "1/2-1/2"]
[WhiteElo "1637"]
[BlackElo "1735"]
[PlyCount "98"]
[EventDate "2018.05.18"]
[EventType "swiss"]
[EventRounds "6"]
[EventCountry "ESP"]
[SourceTitle "EXT 2020"]
[Source "ChessBase"]
[SourceDate "2019.10.17"]
[SourceVersion "1"]
[SourceVersionDate "2019.10.17"]
[SourceQuality "1"]

1. e4 d6 2. d3 Nf6 3. Nf3 c5 4. g3 g6 5. Bg2 Bg7 6. 0-0 Nc6 7. c3 0-0 8. Re1 e5 9. Bg5 h6 10. Bd2 Qc7 11. Na3 a6 12. Nc2 Bg4 13. Ne3 Be6 14. a3 Rad8 15. Qc1 Kh7 16. d4 Nxe4 17. d5 Nxd2 18. Qxd2 Na5 19. dxe6 Nb3 20. Qd5 Nxa1 21. Rxa1 fxe6 22. Qxe6 Rf6 23. Qh3 Qd7 24. Qh4 Rdf8 25. Ng5+ Kh8 26. Ng4 h5 27. Nxf6 Bxf6 28. Be4 Qe7 29. f4 exf4 30. gxf4 Qxe4 31. Nxe4 Bxh4 32. Nxd6 b6 33. Rf1 Kg7 34. f5 Be7 35. Nc4 b5 36. Ne3 b4 37. Nd5 Bf6 38. fxg6 bxa3 39. bxa3 Kxg6 40. a4 a5 41. Kg2 Bg7 42. Rxf8 Bxf8 43. Kf3 Kf5 44. Ne3+ Ke5 45. Nc4+ Kd5 46. Nxa5 Bg7 47. c4+ Kd4 48. h3 Kc3 49. Ke4 Kb4 1/2-1/2

[Event "Andalucia-chB"]
[Site "Algeciras"]
[Date "2018.05.19"]
[Round "4"]
[White "Servio Campos, Antonio"]
[Black "Vicente Puyana, Alberto Jesus"]
[Result "1-0"]
[WhiteElo "1735"]
[BlackElo "1621"]
[PlyCount "63"]
[EventDate "2018.05.18"]
[EventType "swiss"]
[EventRounds "6"]
[EventCountry "ESP"]
[SourceTitle "EXT 2020"]
[Source "ChessBase"]
[SourceDate "2019.10.17"]
[SourceVersion "1"]
[SourceVersionDate "2019.10.17"]
[SourceQuality "1"]

1. Nf3 d5 2. e3 Nf6 3. c4 e6 4. Be2 Be7 5. 0-0 0-0 6. Nc3 b6 7. cxd5 exd5 8. Qc2 Bb7 9. d4 Nbd7 10. a3 c5 11. Rd1 c4 12. b3 b5 13. Nxb5 Qb6 14. bxc4 dxc4 15. Qxc4 Rac8 16. Qd3 Be4 17. Qd2 Rc2 18. Qe1 Nd5 19. a4 Rfc8 20. Ba3 Bxa3 21. Nxa3 R2c3 22. Rdc1 Qb2 23. Rxc3 Rxc3 24. Nc4 Qc2 25. Nd6 Bg6 26. e4 Nf4 27. Bb5 Nf6 28. Qb1 Qxb1+ 29. Rxb1 Nxe4 30. Nxe4 Bxe4 31. Bd3 Ne2+ 32. Kh1 1-0